000 00637nam a2200217 i 4500
001 87229
003 ES-MaACL
005 20230906175625.0
007 t|
008 041220s1957 sp ||||1| spa d
100 1 _aKnittel, John.
_968354
245 1 0 _aJean-Michel /
_cJohn Knittel ; [traducción de Manuel Bosch Barrett].
250 _a[1ª ed.].
260 _a[Barcelona] :
_bJosé Janés,
_c[1957] (
_fMiguza)
300 _a278 p. ;
_c17 cm.
490 1 _aEl libro del mes
700 1 _aBosch Barrett, Manuel.
_930649
830 0 _aEl libro del mes
_9183515
852 _aES-MaACL
_jC-13513
_bR.40244
999 _c87229
_d87229